[Event "GER-ch 2012-C-V4 serv"]
[Site "GER email"]
[Date "2012.07.06"]
[Round "?"]
[White "Kettl, Hans Peter"]
[Black "Lorenz, Rudolf"]
[Result "0-1"]
[WhiteElo "1557"]
[BlackElo "1899"]
[PlyCount "28"]
[EventDate "2012.07.12"]
[EventType "tourn (corr)"]
[EventRounds "6"]
[EventCountry "GER"]
[SourceTitle "Corr 2015"]
[Source "ChessBase"]
[SourceDate "2015.07.17"]
[SourceVersion "1"]
[SourceVersionDate "2015.07.17"]
[SourceQuality "1"]

1. d4 Nf6 2. c4 e6 3. Nc3 Bb4 4. e3 0-0 5. Bd3 c5 6. Nf3 d5 7. 0-0 dxc4 8. Bxc4 cxd4 9. exd4 b6 10. Bg5 Bb7 11. Re1 Nbd7 12. a3 Bxc3 13. bxc3 Qc7 14. Bd3 Qxc3 0-1